01690nam a2200265 a 4500008004100000020001800041050001500059100002600074245014800100260003500248300003300283650001600316650002300332650003300355650002600388700002500414995015500439995015500594995015500749999001700904952013400921952013401055952013401189952010101323211203s2018 ||||||||||||||||| || u a9780444641571 aQD 172 Han aBunzli, Jean-Claude G10aHandbook on the physics and chemistry of rare earths [including actinides], volume 53cEdited by Jean-Claude G. Bunzli and Vitalij K. Pecharsky aAmsterdambNorth-Hollandc2018 ac, 269 pages : illustrations 0aRARE EARTHS aRARE EARTHS METALS aRARE EARTHS METALS--SURFACES aRARE EARTHS COMPOUNDS aPecharsky, Vitalij K aMAIN LIBRARY OPEN ACCESSe751458FCBU-MAIN LIBRARY (Kitwe)I421.63jQD 172 HanM1UAVAILABLEWDec 3, 2021y751458ZMain Library Open Access Collection aMAIN LIBRARY OPEN ACCESSD421.63e751459FCBU-MAIN LIBRARY (Kitwe)jQD 172 HanM2UAVAILABLEWDec 3, 2021y751459ZMain Library Open Access Collection aMAIN LIBRARY OPEN ACCESSe751460FCBU-MAIN LIBRARY (Kitwe)I421.63jQD 172 HanM3UAVAILABLEWDec 3, 2021y751460ZMain Library Open Access Collection c76121d76121 00102lcc4070a001b001cMain Library Open Access Collectiond2023-04-25l0oQD 172 Hanp751458r2023-04-25t1w2023-04-25y002 00102lcc4070a001b001cMain Library Open Access Collectiond2023-04-25l0oQD 172 Hanp751459r2023-04-25t2w2023-04-25y002 00102lcc4070a001b001cMain Library Open Access Collectiond2023-04-25l0oQD 172 Hanp751460r2023-04-25t3w2023-04-25y002 00102lcc4070a010b010cGENd2024-10-22eBOOK AIDoQD 172 Hanr2024-10-22t1w2024-10-22y002